General view of the agriculture of the county of Nottingham (Record no. 113562)

MARC details
000 -LEADER
fixed length control field 00925cam a22001815a 4500
001 - CONTROL NUMBER
control field L155423
008 - FIXED-LENGTH DATA ELEMENTS--GENERAL INFORMATION
fixed length control field 120321s1798 xxk f 000 0 eng d
035 ## - SYSTEM CONTROL NUMBER
System control number (Sirsi) u155423
041 0# - LANGUAGE CODE
Language code of text/sound track or separate title eng
100 1# - MAIN ENTRY--PERSONAL NAME
Personal name Lowe, Robert
245 00 - TITLE STATEMENT
Title General view of the agriculture of the county of Nottingham
Remainder of title with observations on the means of its improvement. Drawn up for the consideration of the Board of Agriculture and Internal Improvement. By Robert Lowe, Esq. of Oxton
260 ## - PUBLICATION, DISTRIBUTION, ETC.
Place of publication, distribution, etc. London
Name of publisher, distributor, etc. printed by W. Smith, for G. Nicol, Pall Mall, Bookseller to His Majesty, and to the Board of Agriculture, and sold by Mess. Robinson, Paternoster Row; J. Sewell, Cornhill; Cadell and Davies, Strand; William Creech, Edinburgh; and John Archer, Dublin
Date of publication, distribution, etc. 1798
300 ## - PHYSICAL DESCRIPTION
Extent xii, 192 p., plate
Other physical details map
Dimensions 8o
583 ## - ACTION NOTE
Action Condition reviewed
Time/date of action 20120620
Status condition level 1
651 #4 - SUBJECT ADDED ENTRY--GEOGRAPHIC NAME
Geographic name Great Britain
Chronological subdivision 1707-
690 ## - LOCAL SUBJECT ADDED ENTRY--TOPICAL TERM (OCLC, RLIN)
Topical term or geographic name as entry element Rural
9 (RLIN) 6268
942 ## - ADDED ENTRY ELEMENTS (KOHA)
Suppress in OPAC 0
Holdings
Withdrawn status Lost status Damaged status Not for loan Home library Current library Shelving location Date acquired Total Checkouts Full call number Barcode Date last seen Copy number Price effective from Koha item type
        Historic collection Historic collection Historic collection 21/03/2012   REGIONAL OCTAVO 1798 LOWE 30075363 26/08/2025 1 06/08/2019 Book